Valtiot jotka alkaa kirjaimella A - Statistics

Yleistilastot
  • Tätä visaa on pelattu 291 kertaa
  • Keskiarvotulos 9 / 11
Vastaustilastot
Vastaus % Oikein
Andorra
90%
Algeria
86%
Albania
84%
Armenia
84%
Angola
82%
Australia
82%
Afganistan
79%
Alankomaat
78%
Azerbaidžan
73%
Argentiina
72%
Antigua ja Barbuda
63%
Ehtoja vastaavia visoja ei löytynyt
Tulosjakauma
Jokaisen tuloksen saaneiden osuus
Persentiili vastausten määrän mukaan
Tuloshistoriasi
Et ole pelannut tätä visaa